Ajax Top Scorers - Statistics

General Stats
  • This quiz has been taken 70 times
  • The average score is 7 of 25
Answer Stats
Country Goals Player (Answer) % Correct
Netherlands 210 Johan Cruyff
98%
Uruguay 111 Luis Suarez
85%
Finland 133 Jari Litmanen
80%
Netherlands 152 Marco van Basten
75%
Serbia 100 Dusan Tadic
53%
Netherlands 158 Klaas-Jan Huntelaar
52%
Netherlands 121 Dennis Bergkamp
45%
Netherlands 88 Siem de Jong
27%
Netherlands 71 Frank Rijkaard
25%
Netherlands 130 Sjaak Swart
23%
Netherlands 90 Davy Klaassen
18%
Georgia 72 Shota Arveladze
18%
Netherlands 153 Ruud Geels
15%
Netherlands 121 Piet Keizer
12%
Netherlands 105 John Bosman
8%
Denmark 92 Soren Lerby
8%
Denmark 74 Frank Arnesen
7%
Netherlands 72 Gerald Vanenberg
7%
Netherlands 70 Henk Groot
7%
Sweden 100 Stefan Pettersson
7%
Netherlands 104 Dick Schoenaker
3%
Netherlands 69 Dick van Dijk
3%
Netherlands 72 Gerrie Muhren
3%
Netherlands 66 Tscheu La Ling
2%
Netherlands 78 Wim Kielt
0%
No matching quizzes found
Score Distribution
Percent of People with Each Score
Percentile by Number Answered
Your Score History
You have not taken this quiz